000 00517nam a2200181 a 4500
001 259
003 CO-ViMGA
008 141112s2004 ck r 000 u spa d
040 _aCO-ViMGA
_bspa
_cCO-ViMGA
082 _aCarh
100 1 _aCarballido, Emilio
_95988
245 1 0 _aLa historia de Sputnik y David /
_cEmilio Carballido
260 _aMexico :
_bFondo de Cultura Económica,
_c1991
300 _a43 p : il
490 _aA la orilla del viento, 12
650 1 4 _aCUENTOS INFANTILES MEXICANOS
942 _2ddc
_cBK
999 _c11284
_d11284